| 000 | 01023cam a2200217 4500 | ||
|---|---|---|---|
| 001 | WB3922-10 | ||
| 008 | 030616n2003 000 0 eng u | ||
| 035 | _a(Sirsi) u122604 | ||
| 245 | _aOnline guidance for business | ||
| 260 | _c2003 | ||
| 490 |
_aRICS Environment Faculty News _v11 June 2003(1) |
||
| 520 | _aEnvironment Agency NetRegs website has new online guidance which will help small and medium-sized businesses in the sewage and waste sector understand environmental legislation affecting their activities. The guidelines give practical advice on how to comply with environmental regulations and cover a wide range of areas from the treatment or disposal of waste from households, commercial or industrial premises to the maintenance and repair of sewers and drains. | ||
| 590 | _aTEST | ||
| 650 | _aSMES | ||
| 650 | _aSMALL BUSINESSES | ||
| 650 |
_aEnvironment _96238 |
||
| 650 | _aENVIRONMENTAL LEGISLATION | ||
| 650 | _aWASTE DISPOSAL | ||
| 690 | _aENVIRONMENTAL AND LAND CONSULTANCY | ||
| 942 | _n0 | ||
| 999 |
_c72856 _d72856 |
||